01550nab a22002297a 4500999001500000003000400015005001700019008004100036040000700077100003700084245010400121300001200225500003800237505060900275505013800884650002801022650002801050650003501078700003801113773015601151942001301307 c6245d6245OSt20260127195212.0190514b xxu||||| |||| 00| 0 spa d cPJ 96692aGiraudo Esquivo, Nicolás13aLa ganancialidad no significa titularidad /cNicolás Giraudo Esquivo, María Eugenia Jiménez.  ap. 5-20 aCita: TR LALEY AR/DOC/2145/2025.  aSumario: I. Introducción.— II. El caso.— III. La falta de legitimación.— IV. El régimen de comunidad. Un derecho en expectativa que no reconoce titularidad durante su vigencia.— V. Los "procesos urgentes" y "medidas cautelaresprovisionales". Una alternativa procesal viable para el caso.— VI. Las medidas provisionales. Precisiones conceptuales.— VII. Medidas provisionales relativas a los bienes en el divorcio y la nulidad del matrimonio en el Cód. Civ. y Com.— VIII. Las medidas cautelares-provisionales versus jurisdicción preventiva. Distintas posturas.— IX. Conclusiones.  tFallo comentado: CNCiv., sala D ~ 18/02/2025 ~ Chaves, María Cristina c. Muzlera, Mariana Lucía y otros s/ daños y perjuicios. 09967aDERECHO DE FAMILIA 09979aBIENES GANANCIALES 091057aJURISPRUDENCIA APLICABLE 96957aJiménez, María Eugenia 0 0284493222dBuenos Aires : AbeledoPerrot, 1989-tDerecho de familia. Revista Interdisciplinaria de doctrina y jurisprudencia. Octubre 2025-V.z18511201 2udccANA